Export credit financing systems in OECD member and non-member countries 2002 supplement

Saved in:
Bibliographic Details
Format: Book
Language:English
Published: Paris OECD 2003
Subjects:
Tags: Add Tag
No Tags, Be the first to tag this record!

MARC

LEADER 00000nam a2200000 4500
001 0020322
005 20240315120623.4
020 |a 92-64-09938-7 
041 0 |a eng 
044 |a FR 
245 1 0 |a Export credit financing systems in OECD member and non-member countries  |b 2002 supplement 
264 1 |a Paris  |b OECD  |c 2003 
300 |a 102 s. 
610 2 0 |a úver vývozný 
610 2 0 |a financovanie 
610 2 0 |a porovnanie medzinárodné 
610 2 0 |a pôžičky 
610 2 0 |a pôžičky medzinárodné 
610 2 0 |a pôžičky zahraničné 
610 2 0 |a vývoz 
610 2 0 |a financovanie 
610 2 0 |a svet 
610 2 0 |a OECD